000 00800nam0a22002411 4500
001 rc\3426560
005 20130115141451.6
035 _a(NLR Aleph) 007560150
090 _a5293316
_c5293316
100 _a20130115d1974 |||y0rusy50 ca
101 0 _arus
102 _aRU
105 _aa z |||||
200 1 _aОсновы трасологии
_e(Особ. часть)
_fМВД СССР. Всесоюз. науч.-исслед. ин-т
210 _aМосква
_cБ. и.
_d1974
215 _a240 с.
_cил.
_d22
333 _aДля служебного пользования. Экз. № 01995
700 1 _aГрановский
_bГ. Л.
_gГригорий Лазаревич
801 0 _aRU
_bNLR
_gpsbo
801 1 _aRU
_bELAR
_2rusmarc
852 _aNLR
_j74-50К/5247
942 _cBOOK
980 _aNB